000 01530nam a2200385 i 4500
001 000043274
003 DO-SdBNP
005 20260321073643.0
007 ta
008 140303s 2009 sp 000 0 spa d
020 _a9788483470992
040 _aDO-SdBNP
_bspa
_cBNPHU
_erda
041 _aspa
082 4 _a320.97293
_bB742
_222
100 1 _a Bosch, Juan,
_d1909-2001
_eautor
_4aut.
_976555
245 1 0 _aJuan Bosch /
_cedición de Pablo A. Maríñez.
264 _aMadrid :
_bAgencia Española de Cooperación Internacional,
_c2009.
300 _a273 páginas ;
_c24 cm.
336 _atexto
_btxt
_2rdacontent
337 _asin mediación
_bn
_2rdamedia
338 _avolumen
_bnc
_2rdacarrier
490 1 _aAntología del pensamiento político, social y económico de América Latina ;
_v24
490 1 _aCiencias y humanismo
500 _aIncluye datos biográficos del autor en al solapa de la cubierta
500 _aIncluye referencias bibliográficas y notas al pie de las páginas
504 _aBibliografía: páginas 263- 273
590 _aInventariado, 2023/MFF
600 1 0 _a Bosch, Juan,
_d1909-2001
_976555
651 4 _aRepública Dominicana
_xPolítica y gobierno
_y1961-
_9204
700 1 _aMaríñez, Pablo A.,
_eeditor
_4ed.
_970893
710 2 _aAgencia Española de Cooperación Internacional
_934585
830 0 _aAntología del pensamiento político, social y económico de América Latina
_v24
_970870
_pCiencias y humanismo
910 _aValidado. Control de calidad MFF
942 _2ddc
_cLBS1
999 _c42763
_d42763